The Young clerks tutor : being a most useful collection of the best presidents of recognizances, obligations, conditions, acquittances, bills of sale, warrants of attorney, &c. as also all the names of men and women in Latin ... together with directions of writs of habeas corpus ... : in this last impression is also added several of the best copies of court and chancery hands now extant /

Bibliographic Details
Other Authors: Cocker, Edward, 1631-1675, J. H. (John Hawkins), -1692
Format: Microform Book
Language:English
Series:Early English books, 1641-1700 ; 1482:17.
Subjects:

MARC

Tag First Indicator Second Indicator Subfields
LEADER 00000cam a2200000 a 4500
001 in00000892016
005 20150923151037.0
007 hd bfv---baaa
007 hd afv---baca
008 850212s1664 miuaf a 00100 eng d
035 |a (OCoLC)11687851 
035 |9 AEL8444AM 
037 |a CL0037000052  |b University Microfilms International 
037 |b University Microfilms International, 300 N. Zeeb Rd., Ann Arbor, MI 48106 
040 |a EAJ  |c EAJ  |d UMI  |d m/c  |d UtOrBLW 
045 0 |b d1664 
049 |a TXAI 
090 |a KD318  |b .Y68 1664 
099 |a film   |a  B   |a  3609 
245 0 4 |a The Young clerks tutor :  |b being a most useful collection of the best presidents of recognizances, obligations, conditions, acquittances, bills of sale, warrants of attorney, &c. as also all the names of men and women in Latin ... together with directions of writs of habeas corpus ... : in this last impression is also added several of the best copies of court and chancery hands now extant /  |c by Edward Cocker. 
264 3 |a London :  |b Printed by J. Streate and are to be sold by Robert Crofts ...,  |c 1664. 
300 |a 15 unnumbered pages, 360 pages, 4 leaves of plates :  |b illustrations 
336 |a text  |b txt  |2 rdacontent 
337 |a microform  |b h  |2 rdamedia 
338 |a microfilm reel  |b hd  |2 rdacarrier 
500 |a Includes index. 
500 |a Mostly English, some examples in Latin. 
500 |a Variously attributed to John Hawkins and Edward Cocker. 
500 |a "To the reader signed": J.H. [i.e. John Hawkins] 
500 |a Reproduction of original in the Harvard Law School Library. 
510 4 |a Wing  |c C4857. 
533 |a Microfilm.  |b Ann Arbor, Mich. :  |c University Microfilms International,  |d 1983.  |e 1 microfilm reel ; 35 mm.  |f (Early English books, 1641-1700 : 1482:17) 
500 |a Microform. 
650 0 |a Forms (Law)  |z Great Britain. 
700 1 |a Cocker, Edward,  |d 1631-1675. 
700 0 |a J. H.  |q (John Hawkins),  |d -1692. 
830 0 |a Early English books, 1641-1700 ;  |v 1482:17. 
999 |a MARS 
999 f f |s 390cebf1-7933-38b3-8dd5-9affd377f6f7  |i 826a86a6-49d9-3917-baab-4e1826472685  |t 0 
952 f f |p default  |a Texas A&M University  |b College Station  |c Sterling C. Evans Library  |d Evans: Microforms (3rd floor)  |t 0  |e film B 3609 1482:17  |h Other scheme  |i microform -- microfilm reel 
998 f f |a film B 3609 1482:17  |t 0  |l Evans: Microforms (3rd floor)